000 01721cam a2200469Ii 4500
001 ocn830367601
003 OCoLC
005 20200320193427.0
008 130318t20132013nyua a 000 0 eng d
020 _a0448477874
_q(board book)
020 _a9780448477879
_q(board book)
020 _c6.99
029 1 _aNZ1
_b15801575
035 _a(OCoLC)830367601
040 _aYDXCP
_beng
_erda
_cYDXCP
_dBDX
_dCLE
_dYW6
_dGO3
_dOCLCQ
_dWACOL
049 _aWACL
092 _aE
_bSas
245 0 0 _aBaby sees :
_ba first book of faces /
_c[Dave Aikins, illustrator].
264 1 _aNew York, New York :
_bGrosset & Dunlap,
_c[2013]
264 4 _c©2013
300 _a1 volume (unpaged) :
_bcolor illustrations ;
_c18 cm.
336 _atext
336 _astill image
337 _aunmediated
338 _avolume
490 1 _aSassy
500 _aCover title.
500 _aOn board pages.
521 1 _aNewborn and up.
520 _aThis board book is perfect for newborn babies. It features high-contrast black and white images of the faces that babies see the most, like Mom and Dad, along with an embedded mirror so baby can see him or herself.
650 0 _aFace
_vJuvenile literature.
_95895813
655 0 _aToy and movable books.
_95895814
655 0 _aBoard books.
_95673758
700 1 _aAikins, Dave.
_4ill
_952770
830 0 _aSassy.
_95861180
938 _aBrodart
_bBROD
_n104593059
938 _aYBP Library Services
_bYANK
_n10351124
942 _cBOOK
_05
948 _a02/11/2015
_zSirsi
994 _a02
_bWACOL
996 _a115589
_b34301001410366
_cEBB
_dbbk
_ewcl
_fi
_g5
_h6.99
_lpenworthy
_mSas
_p02/20/2015
_q07/14/2015
_r07/07/2015
999 _c285888
_d285888